| 000 | 00366nam a22001337a 4500 | ||
|---|---|---|---|
| 020 | _a9783540242673 | ||
| 040 | _cNUST | ||
| 082 |
_a621.89 _bNAN |
||
| 100 |
_aBhushan , Bharat _962442 |
||
| 245 |
_aNanotribology and Nanomechanics : _bAn introduction |
||
| 260 |
_aNew York _bSpringer _c2005 |
||
| 650 |
_aNanotribology and Nanomechanics , _9123315 |
||
| 942 |
_2ddc _cBK |
||
| 999 |
_c609541 _d609541 |
||